| 000 | 00674nam a2200253 a 4500 | ||
|---|---|---|---|
| 001 | nice12345678 | ||
| 003 | IN_TiNIC | ||
| 005 | 20260116013730.0 | ||
| 008 | 050524s1998 lona grp 000 0 eng | ||
| 020 |
_a0193658 _c425 |
||
| 082 | 0 | 0 |
_a823 _bSAT |
| 100 | _aSathiandhan, Krupabai | ||
| 245 |
_aSaguna _b the First Autobiographical Novel in English By an Woman |
||
| 260 |
_aLondan _bOxford University Press _c1998 |
||
| 300 | _a182p | ||
| 500 | _aincludes index and biblioraphy | ||
| 505 | 2 | _aIndex | |
| 650 | _aEnglish-Fiction | ||
| 650 | _aWomen-Biography | ||
| 700 | 1 | _aSathiandhan, Krupabai | |
| 902 | _bSRS | ||
| 942 | _cBK | ||
| 999 |
_c12210 _d12210 |
||